000
00342nam a2200133Ia 4500
008
240624s9999 xx 000 0 und d
041
_a
eng
082
_a
519 BHA
100
_a
BHARDWAJ R S
245
_a
MATHEMATICS FOR ECONOMICS AND BUSINESS
260
_c
2000
_a
New Delhi
_b
Excel Books
300
_a
xi, : 605 : p. : cm. ; 21
365
_c
RS
999
_c
22428
_d
22428